| 000 | 00640nam a22001937a 4500 | ||
|---|---|---|---|
| 003 | OSt | ||
| 005 | 20251029024654.0 | ||
| 008 | 251029b |||||||| |||| 00| 0 eng d | ||
| 020 | _a978-971-0388-43-1. | ||
| 040 |
_aDWCL-Main lib _cOC |
||
| 082 | _aFil. 658.8 G243o 2007 | ||
| 100 | _aGarrovillas, Eduardo P. | ||
| 245 |
_aOut-of-the-box marketing principles that work and make sense _cGarrovillas, Eduardo P. |
||
| 260 |
_aMakati City : _bBookquick Marketing, _cc2007. |
||
| 300 |
_axxiv, 262 pages : _billustration ; _c22 cm. |
||
| 504 | _aIncludes bibliographical references. | ||
| 650 | _21. Marketing. | ||
| 942 |
_2ddc _cBK - FIL _kFil. _n0 |
||
| 999 |
_c5271 _d5271 |
||